I wonder why Kangaroos have pouches, and other questions about baby animals / (Record no. 14351)
[ view plain ]
| 000 -LEADER | |
|---|---|
| fixed length control field | 02347nam a22003257a 4500 |
| 005 - DATE AND TIME OF LATEST TRANSACTION | |
| control field | 20080801115431.0 |
| 008 - FIXED-LENGTH DATA ELEMENTS--GENERAL INFORMATION | |
| fixed length control field | 080801t xxu||||| |||| 00| 0 eng d |
| 010 ## - LCCN (DPL NO) | |
| LC control number | B-270095-100 |
| 020 ## - INTERNATIONAL STANDARD BOOK NUMBER | |
| International Standard Book Number | 0753405083 |
| Terms of availability | 10312.50 (set of 24 vol.) |
| 035 ## - SYSTEM CONTROL NUMBER | |
| System control number | B-270095-100 |
| 037 ## - SOURCE OF ACQUISITION | |
| Stock number | G-04-0021 |
| Source of stock number/acquisition | Grolier International (P) Ltd. / 27.5.08 / 12 / 8.4.08 / 5.6.08 |
| 040 ## - CATALOGING SOURCE | |
| Original cataloging agency | DPL |
| Language of cataloging | EN |
| 082 ## - DEWEY DECIMAL CLASSIFICATION NUMBER | |
| Classification number | 591.39 |
| 100 ## - MAIN ENTRY--PERSONAL NAME | |
| Personal name | Wood, Jenny |
| 245 ## - TITLE STATEMENT | |
| Title | I wonder why Kangaroos have pouches, and other questions about baby animals / |
| Statement of responsibility, etc | by Jenny Wood |
| 260 ## - PUBLICATION, DISTRIBUTION, ETC. (IMPRINT) | |
| Place of publication, distribution, etc | London |
| Name of publisher, distributor, etc | Kingfisher Publications Plc |
| Date of publication, distribution, etc | 2007 |
| 260 ## - PUBLICATION, DISTRIBUTION, ETC. (IMPRINT) | |
| Place of publication, distribution, etc | New Delhi |
| Name of publisher, distributor, etc | Grolier International (P) Ltd. |
| 300 ## - PHYSICAL DESCRIPTION | |
| Extent | 32p.: |
| Other physical details | col. ill |
| Dimensions | 28 cm. (Hb) |
| 500 ## - GENERAL NOTE | |
| General note | It is a set of 24 vols. and set price 10312.50 |
| 500 ## - GENERAL NOTE | |
| General note | includes index |
| 942 ## - ADDED ENTRY ELEMENTS (KOHA) | |
| Source of classification or shelving scheme | Dewey Decimal Classification |
| Item type | Children Books |
| Classification part | 591.39 |
| Call number suffix | WOO |
| Withdrawn status | Lost status | Damaged status | Not for loan | Collection code | Home library | Current library | Date acquired | Source of acquisition | Cost, normal purchase price | Total Checkouts | Full call number | Barcode | Date last seen | Copy number | Cost, replacement price | Koha item type | Public note | Source of classification or shelving scheme |
|---|---|---|---|---|---|---|---|---|---|---|---|---|---|---|---|---|---|---|
| Not For Loan | Reference | Central Library | Central Library | 09/07/2008 | Grolier International (P) Ltd. / 27.5.08 / 12 / 8.4.08 / 5.6.08 | 10312.50 | 591.39 WOO | B-270095 | 15/09/2008 | 1 | 10312.50 | Children Books | 10312.50 (set of 24 vol.) | |||||
| Not For Loan | Reference | Jor Bagh (Children Lib) | Jor Bagh (Children Lib) | 09/07/2008 | 10312.50 | 591.39 WOO | B-270098 | 15/09/2008 | 1 | 10312.50 | Children Books | 10312.50 (set of 24 vol.) | ||||||
| Not For Loan | Reference | Karol Bagh | Karol Bagh | 09/07/2008 | 10312.50 | 591.39 WOO | B-270099 | 15/09/2008 | 1 | 10312.50 | Children Books | 10312.50 (set of 24 vol.) | ||||||
| Not For Loan | Reference | Patel Nagar | Patel Nagar | 09/07/2008 | 10312.50 | 591.39 WOO | B-270096 | 15/09/2008 | 1 | 10312.50 | Children Books | 10312.50 (set of 24 vol.) | ||||||
| Not For Loan | Reference | Sarojini Nagar | Sarojini Nagar | 09/07/2008 | 10312.50 | 591.39 WOO | B-270097 | 15/09/2008 | 1 | 10312.50 | Children Books | 10312.50 (set of 24 vol.) | ||||||
| Not For Loan | Reference | Shahdara Branch | Shahdara Branch | 09/07/2008 | 10312.50 | 591.39 WOO | B-270100 | 15/09/2008 | 1 | 10312.50 | Children Books | 10312.50 (set of 24 vol.) | ||||||
| Not For Loan | Reference | Vinoba Puri | Vinoba Puri | 26/09/2008 | Grolier/G-07-0231/23.7.08/199/21.7.08/11.9.08 | 10312.00 | 591.39 WOO | B-285172 | 26/09/2008 | 1 | 10312.00 | Children Books | Dewey Decimal Classification |
